000 00686nam a2200205 i 4500
001 180021
003 ES-MaACL
005 20230906220953.0
008 120330s1958 sp |||| | spa d
080 _a821.134.2-2"19"
100 1 _aGómez Latorre, Adelino.
_958008
245 1 0 _aPor un quitame esas pajas
_b: estampa baturra en verso /
_cAdelino Gómez Latorre.
260 _a[Valencia :
_bs.n.],
_c1958 (
_fImp. Nácher)
300 _a16 p. ;
_c16 cm.
490 1 _aTeatro popular aragonés
594 _aEn port.: Interpretada en... Radio Valencia el 5 de junio de 1957.
830 0 _aTeatro popular aragonés
_9191152
852 _aES-MaACL
_j2309-F-4
999 _c180021
_d180021